000 01190nas a2200301 i 4500
001 1923
003 ES-MaACL
005 20250415191022.0
007 t|
008 950801c1951 xxu | | 1 ||pa d
022 _a0250-6262
080 _a73
245 0 0 _aRevista interamericana de bibliografía =
_bReview of interamerican bibliography /
_cdir. Maury A. Bromsen.
260 _aWashington :
_bUnión Panamericana, Departamento de Asuntos Culturales,
_c1951-
300 _a28 v. ;
_c25 cm.
310 _aTrimestral
362 0 _aVol. 1, n. 1 (en./marzo 1951)-
650 4 _aBibliografía.
_910516
655 7 _2tgfbne
_9226866
_aRevistas
700 1 _aBromsen, Maury A,
_9194321
710 2 _aUnión Panamericana.
_bDepartamento de Asuntos Culturales (
_cWashington)
_9135028
852 _aES-MaACL
_jHEM-H-78
_dOlim: HEM-1128
_cHEM
_91962
857 _uhttps://dialnet.unirioja.es/servlet/revista?codigo=19242
_ySumarios de la revista en Dialnet
866 0 _o1951-1962(1963)1964-1968(1969)1970(1971)1972-1976(1977)1978-1979.
_u1963(n.4)1969(n.1)1971(n.1)1977(n.2)
942 _2udc
_cPERIODICA
999 _c1923
_d1923